LEADER 00886nam a2200217 i 4500 001 000000171139 003 CaOOAMICUS 005 20080419000000.0 008 080419s1982 it u000 u ita u 013 $a148563 040 $aSeMil$bita 100 1 $aBalzac, Honoré : de,$d<1799-1850>.$0(OLS)http://semarc/name/3887 245 10$aPapŕ Goriot e un tenebroso affare /$cHonoré de Balzac. 260 $aNovara :$bIstituto Geografico De Agostini,$c1982. 300 $a394 p. ;$c20 cm. 490 0 $aCapolavori della narrativa 830 0$aCapolavori della narrativa.$0(OLS)http://semarc/title/11442 850 $aSeMil 852 $aSeMil$W1$xVenegono$y1$m1W I 168$j122014$B122014$CSeMilBibl$Z2$F133274 $81 996 $6245$aPapŕ Goriot e un tenebroso affare$9(OLS)http://semarc/title/244815 996 $6260$aNovara :$bIstituto Geografico De Agostini$9(OLS)http://semarc/publisher/31865 LEADER 01020nam a2200229 i 4500 001 000000112474 003 CaOOAMICUS 005 20030218000000.0 008 030218s1966 it u000 u ita u 013 $a85158 040 $aSeMil$bita 100 1 $aRosmini, Antonio,$c.$0(OLS)http://semarc/name/405 245 12$aL'introduzione del Vangelo secondo Giovanni commentata :$blibri tre /$ca cura di R. Bessero Belti. 300 $aXXIX, 259 p. ;$c25 cm. 650 4$aBibbia. Nuovo Testamento. Vangelo secondo Giovanni - Commentari, studi, critica, interpretazioni.$0(OLS)http://semarc/subject/119 700 1 $aBessero Belti, Remo.$0(OLS)http://semarc/name/9675 850 $aSeMil 852 $aSeMil$W1$xVenegono$y1$m323 2 33 *$j68227$B68227$CSeMilBibl$Z2$F74156 $81 900 1 $aRosmini Serbati, Antonio. 961 $aLascito: Radaelli mons. Edoardo 996 $6245$aL'introduzione del Vangelo secondo Giovanni commentata :$blibri tre$9(OLS)http://semarc/title/98035